Decodifique o código morse - Statistics

Estatísticas Gerais
  • Esse quiz foi jogado 147 vezes
  • A pontuação média é 3 de 5
Estatísticas das Respostas
Código morse Palavra % Correto
.- - --- Ato
94%
.. .-. .- Ira
89%
-.. --- ..- - --- .-. Doutor
83%
...- . ... .--. .- Vespa
83%
--- .-.. .... --- Olho
81%
-.-. --- -. - .- Conta
77%
--. .-. .. - --- Grito
73%
... --- -.-. .. .- .-.. Social
69%
-.-. --- -. ..-. . - . Confete
60%
... .- .-.. ...- --- Salvo
59%
.--. -. . ..- Pneu
58%
- . ... --- ..- .-. --- Tesouro
58%
--- -. -.. .- Onda
57%
-- .- .. ... Mais
56%
. ...- .. - .- .-. Evitar
53%
.--. .-. --- .--. .-. .. --- Próprio
46%
-.-. . -. - .-. .- .-.. Central
39%
. -..- - .-. .- Extra
36%
.- - ..- .- .-.. Atual
33%
-. ..- .-. .- .-. Furar
0%
Nenhum quiz correspondente encontrado
Distribuição das Pontuações
Porcentagem de Pessoas com Cada Pontuação
Percentil de Números Respondidos
Sua Pontuação Histórica
Você não jogou esse quiz